The turquoise mask

Saved in:
Bibliographic Details
Main Author: Whitney, Phyllis A.
Format: Book
Language:English
Published: Doubleday, 1973
Tags: Add Tag
No Tags, Be the first to tag this record!

MARC

LEADER 00000nam a22000007a 4500
008 210121b ||||| |||| 00| 0 eng d
100 |a Whitney, Phyllis A. 
245 |a The turquoise mask 
260 |b Doubleday,  |c  1973  |h  New York  |i 690082   |l PZ3 .W58 
942 |a lcc  |c BK  |e j o ifatola  |f 21/1/2021 
952 |0 0  |1 0  |2 lcc  |4 0  |6 PZ0003 W58  |7 0  |9 1365  |a HOL  |b HOL  |c LP  |d 2021-01-21  |l 0  |o PZ3 .W58  |p 2021-0170  |r 2021-01-21 00:00:00  |w 2021-01-21  |y BK 
999 |c 710  |d 710